[Event "Sao Bernardo LXSBC op 3rd"]
[Site "Sao Bernardo do Campo"]
[Date "2014.09.20"]
[Round "4"]
[White "Vieirai, Erico Vinicius Duar"]
[Black "Ribeiro, Marcos Willian de S"]
[Result "0-1"]
[WhiteElo "1538"]
[BlackElo "1925"]
[PlyCount "92"]
[EventDate "2014.09.19"]
[EventType "swiss"]
[EventRounds "6"]
[EventCountry "BRA"]
[SourceTitle "EXT 2018"]
[Source "ChessBase"]
[SourceDate "2017.10.13"]
[SourceVersion "1"]
[SourceVersionDate "2017.10.13"]
[SourceQuality "1"]

1. Nf3 f5 2. d3 Nf6 3. g3 g6 4. Nbd2 Bg7 5. Bg2 d6 6. 0-0 0-0 7. c3 h6 8. Nh4 Kh7 9. f4 e5 10. h3 exf4 11. gxf4 Ng4 12. hxg4 Qxh4 13. gxf5 Rxf5 14. Nf3 Qe7 15. e4 Rh5 16. Kf2 Bf6 17. Rh1 Bh4+ 18. Nxh4 Rxh4 19. Rxh4 Qxh4+ 20. Kg1 Bg4 21. Qf1 Nd7 22. Be3 Rf8 23. Qf2 Qe7 24. b4 h5 25. Qg3 Be2 26. Bd2 Nf6 27. Kf2 Bg4 28. Rh1 Be6 29. a4 Ng4+ 30. Ke1 d5 31. Bf3 Qd7 32. f5 dxe4 33. dxe4 Bxf5 34. exf5 Re8+ 35. Kd1 Qxa4+ 36. Kc1 Ne5 37. fxg6+ Kg7 38. Bh6+ Kf6 39. Qg5+ Ke6 40. Re1 Qa1+ 41. Kd2 Qxe1+ 42. Kxe1 Nxf3+ 43. Kf2 Nxg5 44. Bxg5 Kf5 45. Be3 Rxe3 46. Kxe3 Kxg6 0-1

[Event "Sao Bernardo LXSBC op 3rd"]
[Site "Sao Bernardo do Campo"]
[Date "2014.09.19"]
[Round "1"]
[White "Vieirai, Erico Vinicius Duar"]
[Black "Mendes, Rodrigo Machado"]
[Result "0-1"]
[WhiteElo "1538"]
[BlackElo "1916"]
[PlyCount "78"]
[EventDate "2014.09.19"]
[EventType "swiss"]
[EventRounds "6"]
[EventCountry "BRA"]
[SourceTitle "EXT 2018"]
[Source "ChessBase"]
[SourceDate "2017.10.13"]
[SourceVersion "1"]
[SourceVersionDate "2017.10.13"]
[SourceQuality "1"]

1. Nf3 d5 2. g3 c5 3. d3 Nf6 4. Nbd2 Nc6 5. Bg2 e5 6. e4 d4 7. a4 Bd6 8. 0-0 0-0 9. Re1 a6 10. Nf1 Rb8 11. c4 Bd7 12. Bd2 b5 13. axb5 axb5 14. b3 Qc8 15. h4 Rb6 16. N3h2 Qb7 17. Bg5 Be7 18. Qe2 Rb8 19. Nd2 h6 20. Bxf6 Bxf6 21. Qh5 Nb4 22. Rf1 Nxd3 23. f4 Qc7 24. Rf3 Nb4 25. f5 Nc2 26. Raf1 Ne3 27. R1f2 bxc4 28. bxc4 Rb2 29. g4 Qd8 30. Rg3 Bxh4 31. Rgf3 Bxf2+ 32. Rxf2 f6 33. Nhf3 Be8 34. Qh3 Ra8 35. Bf1 Ra1 36. g5 fxg5 37. Nxe5 Rxd2 38. Rxd2 Rxf1+ 39. Kh2 Qb8 0-1